000 00578nam a2200229Ia 4500
003 OSt
005 20220923225844.0
006 a|||||r|||| 00| 0
007 ta
008 Pun
024 _a275,356
037 _cTextual
040 _aARTS
_cARTS
_bPun
041 _2Pun
_aPun
082 _aO153,1MKA,1, J8
100 _aਦੋਲਤ ਰਾਮ
245 0 _aਵੱਡਾ ਰੂਪ ਬਸੰਤ
260 _c1953
650 _aਪੰਜਾਬੀ ਸਾਹਿਤ
942 _hO153,1MKA,1, J8
_cTEXL
_2CC
999 _c380868
_d380868